[Event "Collado Villalba 2015 Torneo B"]
[Site "Collado Villalba (ESP)"]
[Date "2015.08.25"]
[Round "4.22"]
[White "Algaba Traspuesto, Jose Antoni"]
[Black "Melcon Diez, Enrique"]
[Result "1-0"]
[WhiteElo "1611"]
[BlackElo "1639"]
[PlyCount "45"]
[EventDate "2015.08.22"]
[EventType "swiss"]
[EventRounds "9"]
[EventCountry "ESP"]
[Source "lmi"]
[SourceDate "2015.08.22"]

1. e4 c5 2. d3 g6 3. g3 Bg7 4. Bg2 Nc6 5. Nf3 Nf6 6. O-O O-O 7. Re1 d6 8. c3
Bd7 9. h3 b5 10. d4 Qc8 11. Kh2 Re8 12. e5 Nh5 13. Qe2 Bh8 14. Bh6 Qc7 15. Nbd2
dxe5 16. dxe5 Rad8 17. Rad1 a6 18. Nb3 c4 19. Nc5 Nb8 20. Nxd7 Nxd7 21. e6 Nc5
22. exf7+ Kxf7 23. Ng5+ 1-0

[Event "Collado Villalba 2015 Torneo B"]
[Site "Collado Villalba (ESP)"]
[Date "2015.08.25"]
[Round "4.23"]
[White "Criado Herrero, Luis"]
[Black "Martinez Martinez, Manuel Ii"]
[Result "0-1"]
[WhiteElo "1501"]
[BlackElo "1678"]
[PlyCount "50"]
[EventDate "2015.08.22"]
[EventType "swiss"]
[EventRounds "9"]
[EventCountry "ESP"]
[Source "lmi"]
[SourceDate "2015.08.22"]

1. e4 e6 2. Nf3 d5 3. exd5 exd5 4. d4 Nf6 5. Bd3 Be7 6. Nc3 c6 7. O-O O-O 8.
Ne2 h6 9. c3 Bg4 10. Ne5 Bxe2 11. Qxe2 Nbd7 12. f4 Re8 13. Qc2 c5 14. Be3 cxd4
15. Bxd4 Bc5 16. Rae1 Qb6 17. Bxc5 Qxc5+ 18. Kh1 Qd6 19. Nxd7 Nxd7 20. Qf2 b6
21. b4 Nf6 22. Qd4 Re7 23. Rxe7 Qxe7 24. Qe5 Re8 25. Re1 Qd8 0-1

[Event "Collado Villalba 2015 Torneo B"]
[Site "Collado Villalba (ESP)"]
[Date "2015.08.25"]
[Round "4.24"]
[White "Rico Ropero, Oscar"]
[Black "Rodriguez Gomez, Jose"]
[Result "1-0"]
[WhiteElo "1457"]
[BlackElo "1650"]
[PlyCount "139"]
[EventDate "2015.08.22"]
[EventType "swiss"]
[EventRounds "9"]
[EventCountry "ESP"]
[Source "lmi"]
[SourceDate "2015.08.22"]

1. c4 Nf6 2. Nc3 c5 3. g3 Nc6 4. Bg2 g6 5. e3 Bg7 6. Nge2 e5 7. a3 Qc7 8. Qc2
b6 9. O-O Bb7 10. Nb5 Qb8 11. d4 a6 12. dxe5 Nxe5 13. Bxb7 Ra7 14. Nxa7 Qxb7
15. f4 Nf3+ 16. Rxf3 Qxf3 17. Nc8 Qc6 18. Nxb6 Qxb6 19. Nc3 Qc6 20. e4 O-O 21.
Bd2 d6 22. Nd5 Qb7 23. Bc3 Nxd5 24. cxd5 Rb8 25. Rd1 Bxc3 26. bxc3 f6 27. Qe2
Re8 28. Qc4 Kf7 29. Re1 Qb5 30. Qa2 c4 31. Kh1 Qc5 32. Qe2 a5 33. Qf3 Qxa3 34.
e5 Qc5 35. e6+ Ke7 36. Rd1 a4 37. f5 a3 38. fxg6 hxg6 39. Qf4 Rh8 40. Rd2 Qa5
41. Qxc4 Qc5 42. Qa6 Rc8 43. Rd3 Qc4 44. Qxa3 Rc7 45. Qa5 Kd8 46. Qb4 Ke7 47.
Qxc4 Rxc4 48. Kg2 f5 49. Kf3 Kf6 50. Ke2 g5 51. Re3 Ke7 52. Kd3 Ra4 53. c4 Ra1
54. Kd4 Rc1 55. Rc3 Rd1+ 56. Ke3 Rh1 57. c5 Re1+ 58. Kd2 Re5 59. c6 Kd8 60. Rd3
f4 61. gxf4 gxf4 62. Kc3 f3 63. Rxf3 Rxd5 64. h4 Ke7 65. c7 Rc5+ 66. Kd4 Kxe6
67. Rc3 Kd7 68. Rxc5 dxc5+ 69. Kxc5 Kxc7 70. h5 1-0

[Event "Collado Villalba 2015 Torneo B"]
[Site "Collado Villalba (ESP)"]
[Date "2015.08.25"]
[Round "4.25"]
[White "Gallego Romero, Manuel"]
[Black "Benito Alba, Eladio"]
[Result "0-1"]
[WhiteElo "1483"]
[BlackElo "1598"]
[PlyCount "66"]
[EventDate "2015.08.22"]
[EventType "swiss"]
[EventRounds "9"]
[EventCountry "ESP"]
[Source "lmi"]
[SourceDate "2015.08.22"]

1. e4 c6 2. d4 d5 3. e5 Bf5 4. f4 e6 5. Nf3 c5 6. c3 Nc6 7. Bb5 a6 8. Bxc6+
bxc6 9. O-O cxd4 10. Nxd4 Bc5 11. Kh1 Bxd4 12. cxd4 Ne7 13. Nd2 O-O 14. Nf3 Bg4
15. h3 Bxf3 16. Qxf3 Nf5 17. Be3 Qb6 18. Bf2 Nxd4 19. Qd3 c5 20. Bxd4 cxd4 21.
b3 Rfc8 22. Rfd1 Rc6 23. Qxd4 Qc7 24. Qf2 Rc8 25. Rd2 Rc1+ 26. Rd1 Rxa1 27.
Rxa1 Qc3 28. Re1 d4 29. Kh2 Rd8 30. Qf1 d3 31. Re3 Qd4 32. Rg3 d2 33. Qd1 Qxf4
0-1

[Event "Collado Villalba 2015 Torneo B"]
[Site "Collado Villalba (ESP)"]
[Date "2015.08.25"]
[Round "4.26"]
[White "Cupeiro Fernandez, Manuel"]
[Black "Lancharro Delgado, Cristina"]
[Result "0-1"]
[WhiteElo "1588"]
[BlackElo "1461"]
[PlyCount "100"]
[EventDate "2015.08.22"]
[EventType "swiss"]
[EventRounds "9"]
[EventCountry "ESP"]
[Source "lmi"]
[SourceDate "2015.08.22"]

1. e4 e5 2. Nf3 Nc6 3. d4 exd4 4. Nxd4 Bc5 5. c3 Qf6 6. Be3 Nge7 7. Be2 O-O 8.
O-O Nxd4 9. Bxd4 Qb6 10. Bxc5 Qxc5 11. Qd4 Qxd4 12. cxd4 d5 13. e5 Nc6 14. Rd1
Bf5 15. a3 Na5 16. Nd2 f6 17. f4 Nc6 18. Nf3 Be4 19. Rac1 Rac8 20. Rc3 Ne7 21.
Nd2 Bg6 22. g4 fxe5 23. fxe5 Rf4 24. Nf1 Nc6 25. Bf3 Rd8 26. h3 Rxd4 27. Rxd4
Nxd4 28. Bd1 c6 29. Ng3 Re8 30. Re3 Kf7 31. g5 Nf5 32. Nxf5 Bxf5 33. Kh2 Be4
34. Kg3 Rxe5 35. h4 Ke6 36. Rb3 b6 37. Rc3 d4 38. Rc4 c5 39. b4 Bd3 40. Rc1 c4
41. Bg4+ Kd6 42. Rd1 Kd5 43. Bf3+ Be4 44. Bg4 d3 45. Kf4 Kd4 46. Bc8 Re8 47.
Ba6 Rf8+ 48. Kg3 Rf3+ 49. Kg4 Rf2 50. Re1 d2 0-1

[Event "Collado Villalba 2015 Torneo B"]
[Site "Collado Villalba (ESP)"]
[Date "2015.08.25"]
[Round "4.27"]
[White "Lianes Garcia, Alicia"]
[Black "Martinez Martinez, Antonio"]
[Result "0-1"]
[WhiteElo "1277"]
[BlackElo "1580"]
[PlyCount "118"]
[EventDate "2015.08.22"]
[EventType "swiss"]
[EventRounds "9"]
[EventCountry "ESP"]
[Source "lmi"]
[SourceDate "2015.08.22"]

1. e4 g6 2. d4 d6 3. Nc3 c6 4. Be3 Bg7 5. h3 Nf6 6. Nf3 Qa5 7. Qd2 Qc7 8. Bd3
b5 9. a3 Bb7 10. O-O a5 11. b4 axb4 12. axb4 O-O 13. Bh6 Nbd7 14. Bxg7 Kxg7 15.
Qc1 Qb6 16. Qb2 e6 17. Ra2 Rxa2 18. Qxa2 Nb8 19. Ra1 Na6 20. Qa3 Ra8 21. e5
dxe5 22. dxe5 Nh5 23. g3 Nxg3 24. Qa5 Qxa5 25. Rxa5 Nh5 26. Na2 Nf4 27. Bf1 Nd5
28. c3 Rd8 29. Ra3 Nf4 30. c4 Rd1 31. Nc3 Rc1 32. cxb5 cxb5 33. Nxb5 Nxh3+ 34.
Kg2 Nf4+ 35. Kg1 Nxb4 36. Ra4 Bxf3 37. Rxb4 Nd3 38. Rb3 Be2 39. Nd4 Bxf1 40.
Rb7 Bh3+ 41. Kh2 Bf5 42. Nxf5+ gxf5 43. Rb3 Nxe5 44. Rg3+ Kf6 45. Rh3 Ng4+ 46.
Kg2 Kg6 47. Rg3 Rc2 48. Kf1 Rxf2+ 49. Kg1 Ra2 50. Kf1 e5 51. Ke1 e4 52. Kf1 e3
53. Ke1 h5 54. Rh3 f4 55. Rf3 Kg5 56. Kd1 Kf5 57. Ke1 Ke4 58. Rh3 f3 59. Rxh5
Ra1# 0-1

[Event "Collado Villalba 2015 Torneo B"]
[Site "Collado Villalba (ESP)"]
[Date "2015.08.25"]
[Round "4.28"]
[White "Veuthey Martinez, Eloy"]
[Black "Pascual Gomez, Jesus"]
[Result "0-1"]
[WhiteElo "1557"]
[BlackElo "1714"]
[PlyCount "26"]
[EventDate "2015.08.22"]
[EventType "swiss"]
[EventRounds "9"]
[EventCountry "ESP"]
[Source "lmi"]
[SourceDate "2015.08.22"]

1. d4 d5 2. Nf3 Nf6 3. e3 Nc6 4. Nbd2 e6 5. Bb5 Bd7 6. c4 a6 7. Ba4 dxc4 8.
Nxc4 b5 9. Nce5 bxa4 10. Nxd7 Bb4+ 11. Ke2 Qxd7 12. Qxa4 O-O 13. Ne5 Nxd4+ 0-1

[Event "Collado Villalba 2015 Torneo B"]
[Site "Collado Villalba (ESP)"]
[Date "2015.08.25"]
[Round "4.29"]
[White "Lancharro Perez, Francisco"]
[Black "Criado Riesgo, Manuel"]
[Result "0-1"]
[WhiteElo "1166"]
[BlackElo "1535"]
[PlyCount "88"]
[EventDate "2015.08.22"]
[EventType "swiss"]
[EventRounds "9"]
[EventCountry "ESP"]
[Source "lmi"]
[SourceDate "2015.08.22"]

1. e4 c6 2. d4 d5 3. Nc3 dxe4 4. Nxe4 Bf5 5. Ng3 Bg6 6. Bd3 e6 7. Nf3 Bd6 8. h4
Qc7 9. Rh3 Nf6 10. h5 Bxd3 11. Qxd3 h6 12. Bd2 Nbd7 13. O-O-O O-O-O 14. Ne4
Nxe4 15. Qxe4 Nf6 16. Qe3 Ng4 17. Qe2 Nf6 18. Rg1 Nd5 19. a3 Bf4 20. Kd1 Bxd2
21. Qxd2 f6 22. Nh4 Nf4 23. Rf3 e5 24. Kc1 Rxd4 25. Qe1 Rhd8 26. c3 Nd3+ 27.
Rxd3 Rxd3 28. Qe4 Qd7 29. Qa4 Kb8 30. Nf3 Qf5 31. Ne1 Rd1+ 32. Qxd1 Rxd1+ 33.
Kxd1 Qb1+ 34. Ke2 Qxb2+ 35. Kf3 Qxc3+ 36. Kg4 Qd4+ 37. Kf5 Qxf2+ 38. Nf3 Qc2+
39. Ke6 e4 40. Nh4 e3 41. Nf5 Qe4+ 42. Kd7 Qxf5+ 43. Ke7 e2 44. Re1 Qf2 0-1

[Event "Collado Villalba 2015 Torneo B"]
[Site "Collado Villalba (ESP)"]
[Date "2015.08.25"]
[Round "4.33"]
[White "Fernandez Estremera, Fernando"]
[Black "Penas Merino, Ramona"]
[Result "0-1"]
[WhiteElo "1672"]
[BlackElo "1436"]
[PlyCount "91"]
[EventDate "2015.08.22"]
[EventType "swiss"]
[EventRounds "9"]
[EventCountry "ESP"]
[Source "lmi"]
[SourceDate "2015.08.22"]

1. d4 d5 2. c4 e6 3. Nc3 Nf6 4. cxd5 exd5 5. Bg5 Be7 6. e3 c6 7. Bd3 Be6 8. Qc2
Nbd7 9. Nge2 O-O 10. f3 Re8 11. O-O-O a6 12. g4 b5 13. Rdg1 c5 14. Kb1 Rc8 15.
Qd2 cxd4 16. exd4 Nb6 17. Bf4 Nc4 18. Bxc4 dxc4 19. h4 Nd5 20. h5 b4 21. Ne4
Nxf4 22. Nxf4 c3 23. bxc3 bxc3 24. Nxc3 Rb8+ 25. Ka1 Ba3 26. Rb1 Qc8 27. Rxb8
Qxb8 28. Rb1 Qa8 29. Nxe6 Rxe6 30. Ne4 Re8 31. Qc3 Bf8 32. Qb2 Qd5 33. Re1 Rd8
34. Rd1 Qa8 35. Qc3 a5 36. Qc4 Rc8 37. Qd3 Qd5 38. Nc3 Qc6 39. Ne4 f6 40. d5
Qd7 41. g5 fxg5 42. Nxg5 g6 43. hxg6 Qg7+ 44. Qd4 Qxg6 45. Rg1 Bg7 46. Qxg7+
0-1

[Event "Collado Villalba 2015 Torneo B"]
[Site "Collado Villalba (ESP)"]
[Date "2015.08.25"]
[Round "4.34"]
[White "Elguezabal Selioutin, Dario"]
[Black "Orta Vazquez, Mario"]
[Result "1-0"]
[WhiteElo "1610"]
[BlackElo "1409"]
[PlyCount "123"]
[EventDate "2015.08.22"]
[EventType "swiss"]
[EventRounds "9"]
[EventCountry "ESP"]
[Source "lmi"]
[SourceDate "2015.08.22"]

1. d4 Nf6 2. Nf3 d6 3. Bg5 Bg4 4. Nbd2 Nbd7 5. c3 h6 6. Bh4 e5 7. e4 Be7 8. Qc2
Rc8 9. Bc4 O-O 10. O-O a6 11. a4 c6 12. h3 d5 13. dxe5 Bxf3 14. exf6 Bxf6 15.
Bxf6 Nxf6 16. Nxf3 dxc4 17. Rfe1 Re8 18. Rad1 Qc7 19. Rd4 b5 20. e5 c5 21. Rd2
Nd7 22. Qf5 Re6 23. Rd5 Rce8 24. Re3 Nb6 25. Rd6 Nxa4 26. Re2 Nb6 27. Red2 a5
28. Qf4 a4 29. Rd1 Ra8 30. Rxe6 fxe6 31. Qg4 Qe7 32. Rd6 Nd5 33. Rxe6 Qd7 34.
Rd6 Qxg4 35. hxg4 Nf4 36. e6 Kf8 37. Ne5 Ke8 38. g3 Ne2+ 39. Kf1 Nc1 40. Rb6 a3
41. bxa3 Rxa3 42. Nc6 Ra8 43. Rxb5 Nd3 44. Rb7 Rc8 45. Na5 Ne5 46. Rxg7 Kf8 47.
Rh7 Kg8 48. Rxh6 Kg7 49. Rh5 Kf6 50. Rh6+ Ke7 51. f4 Nxg4 52. Rg6 Ne3+ 53. Ke2
Nd5 54. Kd2 Nf6 55. f5 Rd8+ 56. Kc2 Rd6 57. Rg7+ Ke8 58. Nxc4 Ra6 59. g4 Ra2+
60. Kd3 Ra1 61. Nd6+ Kd8 62. e7+ 1-0

[Event "Collado Villalba 2015 Torneo B"]
[Site "Collado Villalba (ESP)"]
[Date "2015.08.25"]
[Round "4.35"]
[White "Rufo Yebra, Benito"]
[Black "Lancharro Delgado, Miguel"]
[Result "1-0"]
[WhiteElo "1486"]
[BlackElo "1247"]
[PlyCount "61"]
[EventDate "2015.08.22"]
[EventType "swiss"]
[EventRounds "9"]
[EventCountry "ESP"]
[Source "lmi"]
[SourceDate "2015.08.22"]

1. Nf3 Nf6 2. d4 d5 3. Bg5 Nbd7 4. e3 e6 5. Ne5 Be7 6. Bd3 h6 7. Bf4 O-O 8. Qf3
c6 9. Qg3 Nh5 10. Qg4 Nxf4 11. exf4 Nf6 12. Qf3 Qb6 13. O-O Qxb2 14. Nd2 Qxd4
15. a4 c5 16. c3 Qxc3 17. Bh7+ Kxh7 18. Qxc3 d4 19. Qc4 b6 20. a5 Bb7 21. axb6
axb6 22. Rxa8 Rxa8 23. Nxf7 Ba6 24. Qxe6 Bxf1 25. Nxf1 Bd8 26. Qf5+ Kg8 27.
Nxd8 Rxd8 28. Qe6+ Kh7 29. Qxb6 Rc8 30. Qb5 c4 31. Qf5+ 1-0

[Event "Collado Villalba 2015 Torneo B"]
[Site "Collado Villalba (ESP)"]
[Date "2015.08.25"]
[Round "4.36"]
[White "Perez Ramos, Miguel Angel"]
[Black "Gonzalez Garcia, Soraya"]
[Result "0-1"]
[WhiteElo "1358"]
[BlackElo "1526"]
[PlyCount "60"]
[EventDate "2015.08.22"]
[EventType "swiss"]
[EventRounds "9"]
[EventCountry "ESP"]
[Source "lmi"]
[SourceDate "2015.08.22"]

1. e4 d5 2. e5 c5 3. c4 e6 4. d4 Nc6 5. Nf3 cxd4 6. Nxd4 Nxe5 7. b3 Nf6 8. f3
Bc5 9. Be3 O-O 10. Be2 b6 11. f4 Ng6 12. a3 a5 13. Nc3 Bb7 14. Bf3 Qd7 15. g3
dxc4 16. bxc4 Bxf3 17. Nxf3 Bxe3 18. Ke2 Qxd1+ 19. Kxe3 Qb3 20. Rhc1 Qxc4 21.
Nd2 Qc5+ 22. Kd3 Rfd8+ 23. Kc2 Nd5 24. Nde4 Ne3+ 25. Kb2 Qc4 26. Re1 Nd5 27.
Rec1 Nxc3 28. Nxc3 Rd2+ 29. Rc2 Rxc2+ 30. Kxc2 Rc8 0-1

[Event "Collado Villalba 2015 Torneo B"]
[Site "Collado Villalba (ESP)"]
[Date "2015.08.25"]
[Round "4.37"]
[White "Buergo Villanueva, Fernando"]
[Black "Bermejo Calvo, Nora"]
[Result "0-1"]
[WhiteElo "1308"]
[BlackElo "1313"]
[PlyCount "88"]
[EventDate "2015.08.22"]
[EventType "swiss"]
[EventRounds "9"]
[EventCountry "ESP"]
[Source "lmi"]
[SourceDate "2015.08.22"]

1. d4 e6 2. e4 d5 3. Bd3 c5 4. dxc5 Bxc5 5. Qe2 Ne7 6. exd5 Nxd5 7. Bd2 Nc6 8.
Nf3 Ncb4 9. O-O Nxd3 10. cxd3 Nb4 11. Bg5 f6 12. Bh4 Qxd3 13. Qxd3 Nxd3 14. b3
O-O 15. Nbd2 e5 16. Ne4 Bb6 17. Rad1 Nf4 18. b4 Bf5 19. Ng3 Bg4 20. h3 Nxh3+
21. gxh3 Bxf3 22. Rd2 Rad8 23. Rc2 Rc8 24. Rfc1 Rxc2 25. Rxc2 g5 26. Rc3 gxh4
27. Nf5 Be4 28. Nxh4 Rd8 29. Kf1 Rd2 30. Ke1 Rxf2 31. b5 a5 32. Rc8+ Kg7 33. a4
Rh2 34. Rc4 f5 35. Rc3 Ra2 36. Nf3 Bxf3 37. Rxf3 Kf6 38. Rg3 Rxa4 39. Rg8 Rb4
40. Rb8 Rxb5 41. Ke2 a4 42. Rxb7 a3 43. Rb8 a2 44. Ra8 Ba5 0-1

[Event "Collado Villalba 2015 Torneo B"]
[Site "Collado Villalba (ESP)"]
[Date "2015.08.26"]
[Round "5.2"]
[White "Guerrero Gonzalez, Francisco"]
[Black "Soto Martin, Miguel"]
[Result "1-0"]
[WhiteElo "1753"]
[BlackElo "1716"]
[PlyCount "67"]
[EventDate "2015.08.22"]
[EventType "swiss"]
[EventRounds "9"]
[EventCountry "ESP"]
[Source "lmi"]
[SourceDate "2015.08.22"]

1. d4 Nf6 2. c4 g6 3. Nc3 Bg7 4. e4 d6 5. f4 O-O 6. Nf3 c5 7. d5 e6 8. Bd3 exd5
9. cxd5 b5 10. Bxb5 Nxe4 11. Nxe4 Qa5+ 12. Qd2 Qxb5 13. Nxd6 Qa6 14. Nxc8 Rxc8
15. Qe2 Qa5+ 16. Bd2 Qd8 17. O-O Qxd5 18. Rfd1 Qc6 19. Ne5 Re8 20. Bc3 Bxe5 21.
fxe5 Nd7 22. Rf1 Qe6 23. Qf2 Rac8 24. Rae1 Nb6 25. Qh4 Nd5 26. Bd2 c4 27. Rf3
Qb6+ 28. Kh1 Qxb2 29. Ref1 Rc7 30. Ba5 Nb6 31. e6 Ree7 32. Bc3 Qe2 33. exf7+
Rxf7 34. Qd8+ 1-0

[Event "Collado Villalba 2015 Torneo B"]
[Site "Collado Villalba (ESP)"]
[Date "2015.08.26"]
[Round "5.3"]
[White "Greciano Reiskila, Miguel C"]
[Black "Andrade Sandoval, Jim Carlos"]
[Result "1-0"]
[WhiteElo "1925"]
[BlackElo "1824"]
[PlyCount "113"]
[EventDate "2015.08.22"]
[EventType "swiss"]
[EventRounds "9"]
[EventCountry "ESP"]
[Source "lmi"]
[SourceDate "2015.08.22"]

1. c4 b6 2. Nc3 Bb7 3. e4 Nc6 4. Nf3 e5 5. Be2 Nf6 6. O-O d6 7. d4 exd4 8. Nxd4
Nxd4 9. Qxd4 c5 10. Qd3 Qd7 11. Bf4 Be7 12. Rad1 O-O-O 13. Bf3 a6 14. Bg5 Qe6
15. h3 h5 16. Rfe1 Ng8 17. Bxe7 Nxe7 18. Na4 Kc7 19. Re3 Nc8 20. Qe2 g6 21. Nc3
Rhe8 22. Re1 Qd7 23. e5 dxe5 24. Bxb7 Kxb7 25. Nd5 Qc6 26. Rxe5 Rxe5 27. Qxe5
Qd6 28. Qg7 Qd7 29. Qf6 Re8 30. Rxe8 Qxe8 31. Qf3 Qe1+ 32. Kh2 Qe5+ 33. g3 Qf5
34. Qxf5 gxf5 35. Kg2 Nd6 36. b3 Kc6 37. Kf3 b5 38. Ne3 Kd7 39. Kf4 Ke6 40. f3
f6 41. cxb5 axb5 42. a4 c4 43. bxc4 bxa4 44. c5 a3 45. cxd6 a2 46. Nc2 Kxd6 47.
Kxf5 Kc5 48. Ke4 Kc4 49. g4 Kc3 50. Na1 hxg4 51. fxg4 Kb2 52. Kd3 f5 53. g5 f4
54. g6 f3 55. g7 f2 56. Ke2 Kxa1 57. g8=Q 1-0

[Event "Collado Villalba 2015 Torneo B"]
[Site "Collado Villalba (ESP)"]
[Date "2015.08.26"]
[Round "5.4"]
[White "Fernandez Garcia, Ignacio"]
[Black "Barranco Martinez, Gabriel"]
[Result "1-0"]
[WhiteElo "1870"]
[BlackElo "1784"]
[PlyCount "137"]
[EventDate "2015.08.22"]
[EventType "swiss"]
[EventRounds "9"]
[EventCountry "ESP"]
[Source "lmi"]
[SourceDate "2015.08.22"]

1. e4 c6 2. d4 d5 3. Nc3 dxe4 4. Nxe4 e6 5. Nf3 Nf6 6. Nxf6+ gxf6 7. Bd3 Qc7 8.
Qe2 Bd6 9. Bh6 Bf4 10. Bg7 Rg8 11. Bxf6 Nd7 12. Bh4 h6 13. Bg3 Nf6 14. Ne5 Bxe5
15. Bxe5 Qa5+ 16. c3 Nd5 17. O-O Qd8 18. f4 f6 19. Qh5+ Ke7 20. Qh4 Kd7 21. c4
Ne3 22. Qxf6 Qxf6 23. Bxf6 Nxf1 24. Kxf1 a6 25. Kf2 b5 26. c5 a5 27. h3 b4 28.
g4 Ba6 29. Be4 Bc4 30. Kg3 a4 31. h4 h5 32. g5 Be2 33. f5 Bg4 34. fxe6+ Bxe6
35. Bf3 Bf7 36. Kf4 Rae8 37. Be4 Bd5 38. Bc2 Re2 39. Bxa4 Rge8 40. Rf1 Bg2 41.
Rg1 Rf2+ 42. Kg3 Ree2 43. Rxg2 Rxg2+ 44. Kf3 Rgf2+ 45. Kg3 Rf5 46. Bd1 Re3+ 47.
Kg2 Rf4 48. Bxh5 Rxh4 49. Bf3 Rf4 50. Bh5 Ke6 51. Be8 Kd5 52. Be5 Rf8 53. Bh5
Rxe5 54. dxe5 Kxe5 55. Kg3 Kd4 56. Kg4 Kxc5 57. g6 Kd6 58. Kg5 Ke7 59. g7 Rg8
60. Kg6 Kd6 61. Kh7 Ra8 62. g8=Q Rxg8 63. Kxg8 c5 64. b3 Ke5 65. Kf7 Kd4 66.
Be2 Ke5 67. Ke7 Kd4 68. Kd6 c4 69. Bxc4 1-0

[Event "Collado Villalba 2015 Torneo B"]
[Site "Collado Villalba (ESP)"]
[Date "2015.08.26"]
[Round "5.5"]
[White "Aragon Gutierrez, Alejandro"]
[Black "Mkrtchyan, Levon"]
[Result "1/2-1/2"]
[WhiteElo "1806"]
[BlackElo "1746"]
[PlyCount "67"]
[EventDate "2015.08.22"]
[EventType "swiss"]
[EventRounds "9"]
[EventCountry "ESP"]
[Source "lmi"]
[SourceDate "2015.08.22"]

1. c4 Nf6 2. Nc3 c5 3. g3 d5 4. cxd5 Nxd5 5. Bg2 Nc7 6. Nf3 Nc6 7. O-O e5 8. d3
Be7 9. Be3 Bd7 10. Rc1 Ne6 11. Nd5 Rc8 12. Nd2 O-O 13. Nc4 Ned4 14. Bd2 Bg4 15.
Nxe7+ Qxe7 16. Re1 f5 17. Bc3 e4 18. f3 Bh5 19. fxe4 f4 20. Qd2 b5 21. Bxd4
Nxd4 22. Na3 fxg3 23. hxg3 Qe5 24. Qe3 Nxe2+ 25. Rxe2 Bxe2 26. Qxe2 Qd4+ 27.
Kh2 Rf2 28. Nc2 Qf6 29. Qe3 Qxb2 30. Qxf2 Qxc1 31. e5 Qh6+ 32. Kg1 Qc1+ 33. Kh2
Qh6+ 34. Kg1 1/2-1/2

[Event "Collado Villalba 2015 Torneo B"]
[Site "Collado Villalba (ESP)"]
[Date "2015.08.26"]
[Round "5.6"]
[White "Calvo De Castro, Miguel"]
[Black "Alvarez Gonzalez, Eduardo"]
[Result "1-0"]
[WhiteElo "1725"]
[BlackElo "1805"]
[PlyCount "125"]
[EventDate "2015.08.22"]
[EventType "swiss"]
[EventRounds "9"]
[EventCountry "ESP"]
[Source "lmi"]
[SourceDate "2015.08.22"]

1. e4 c6 2. d4 d5 3. Nc3 dxe4 4. Nxe4 Bf5 5. Ng3 Bg6 6. Nf3 Nd7 7. c3 e6 8. Bd3
Qc7 9. O-O Ngf6 10. Re1 Bxd3 11. Qxd3 Bd6 12. Nf5 O-O 13. Nxd6 Qxd6 14. Bg5
Rac8 15. Bxf6 Nxf6 16. b4 Rfd8 17. Rab1 b6 18. Qa6 Rc7 19. Ne5 Nd5 20. Rb3 Re8
21. a4 Rce7 22. b5 c5 23. Nc6 Rc7 24. a5 cxd4 25. cxd4 Qf4 26. Rd1 Qg4 27. f3
Qg5 28. axb6 axb6 29. Qa3 Rcc8 30. Ra1 h5 31. Qd6 h4 32. Qe5 Qh6 33. Rba3 h3
34. g3 Qd2 35. R3a2 Qd3 36. Qe2 Qf5 37. Qe5 Qg6 38. Ra3 Qh6 39. Kf2 Nc3 40. f4
Nxb5 41. Qxb5 e5 42. Rc3 Qd6 43. fxe5 Qe6 44. Rac1 Ra8 45. Nb4 Qg4 46. Qd3 f5
47. R1c2 f4 48. Qf3 fxg3+ 49. Qxg3 Qxd4+ 50. Re3 Rf8+ 51. Ke2 Qxb4 52. Qxh3 Ra1
53. Qe6+ Rf7 54. Rc8+ Qf8 55. Rxf8+ Kxf8 56. Qc8+ Ke7 57. e6 Rff1 58. Qd7+ Kf6
59. Qf7+ Kg5 60. Rg3+ Kh4 61. Qe7+ Rf6 62. Qb4+ Kh5 63. Qg4+ 1-0

[Event "Collado Villalba 2015 Torneo B"]
[Site "Collado Villalba (ESP)"]
[Date "2015.08.26"]
[Round "5.7"]
[White "Sancho Castiello, Federico"]
[Black "Andrade Sandoval, Bianca"]
[Result "1/2-1/2"]
[WhiteElo "1790"]
[BlackElo "1705"]
[PlyCount "86"]
[EventDate "2015.08.22"]
[EventType "swiss"]
[EventRounds "9"]
[EventCountry "ESP"]
[Source "lmi"]
[SourceDate "2015.08.22"]

1. e4 c5 2. Nf3 e6 3. d4 cxd4 4. Nxd4 a6 5. Nc3 Qc7 6. Bd3 Nf6 7. O-O Be7 8.
Be3 b5 9. a3 Bb7 10. f4 d6 11. Kh1 Nbd7 12. Qe1 O-O 13. Qg3 Rfe8 14. Rae1 Nc5
15. Bd2 Qb6 16. Nf3 b4 17. axb4 Qxb4 18. Nd5 Qa4 19. Nb6 Qc6 20. Nxa8 Ncxe4 21.
Qh3 Bxa8 22. Be3 Nc5 23. Bxc5 Qxc5 24. Ng5 h6 25. Nxe6 fxe6 26. Qxe6+ Kf8 27.
Bg6 Bd5 28. Qf5 Bf7 29. Qxc5 dxc5 30. Bd3 c4 31. Bf5 Rb8 32. Ra1 g6 33. Bh3
Rxb2 34. Rfc1 Rb6 35. Bc8 Bc5 36. Rxa6 Rxa6 37. Bxa6 Ne4 38. h3 Be3 39. Rb1
Bxf4 40. Bb7 Ng3+ 41. Kg1 Ne2+ 42. Kf2 Nd4 43. Be4 Bd2 1/2-1/2

[Event "Collado Villalba 2015 Torneo B"]
[Site "Collado Villalba (ESP)"]
[Date "2015.08.26"]
[Round "5.10"]
[White "Jimenez Jimenez, Darfo"]
[Black "Rodriguez Del Moral, Angel"]
[Result "0-1"]
[WhiteElo "1686"]
[BlackElo "1797"]
[PlyCount "62"]
[EventDate "2015.08.22"]
[EventType "swiss"]
[EventRounds "9"]
[EventCountry "ESP"]
[Source "lmi"]
[SourceDate "2015.08.22"]

1. e4 c5 2. Nf3 e6 3. d4 cxd4 4. Nxd4 Nf6 5. Bd3 a6 6. c4 Bc5 7. Nb3 Bb4+ 8.
N1d2 Nc6 9. O-O a5 10. a3 Be7 11. Nf3 e5 12. Be3 Ng4 13. Re1 Nxe3 14. Rxe3 a4
15. Nbd2 Bc5 16. Re2 d6 17. h3 Bd7 18. Nf1 g5 19. Ne3 h5 20. Rd2 g4 21. hxg4
hxg4 22. Nd5 gxf3 23. Qxf3 Nd4 24. Nf6+ Kf8 25. Nxd7+ Qxd7 26. Qf6 Rg8 27. Qh6+
Ke8 28. Be2 Nxe2+ 29. Rxe2 Qg4 30. Kf1 Qxg2+ 31. Ke1 Qg1+ 0-1

[Event "Collado Villalba 2015 Torneo B"]
[Site "Collado Villalba (ESP)"]
[Date "2015.08.26"]
[Round "5.11"]
[White "Garcia Castineira, Ivan"]
[Black "Fernandez Rios, Jose Francisco"]
[Result "1/2-1/2"]
[WhiteElo "1688"]
[BlackElo "1782"]
[PlyCount "51"]
[EventDate "2015.08.22"]
[EventType "swiss"]
[EventRounds "9"]
[EventCountry "ESP"]
[Source "lmi"]
[SourceDate "2015.08.22"]

1. d4 Nf6 2. c4 e6 3. Nf3 Bb4+ 4. Bd2 Qe7 5. Qb3 Bxd2+ 6. Nbxd2 d6 7. e3 O-O 8.
Bd3 Nbd7 9. O-O e5 10. dxe5 dxe5 11. Ne4 b6 12. Qc2 Bb7 13. Nfd2 Rad8 14. Rad1
a5 15. Nxf6+ Nxf6 16. Ne4 Bxe4 17. Bxe4 g6 18. h3 Nd7 19. Rd2 Nc5 20. Rfd1 Rxd2
21. Rxd2 Rd8 22. Rxd8+ Qxd8 23. Bd5 Kg7 24. Bf3 Qd3 25. Bd1 Qd6 26. Be2 1/2-1/2

[Event "Collado Villalba 2015 Torneo B"]
[Site "Collado Villalba (ESP)"]
[Date "2015.08.26"]
[Round "5.12"]
[White "Borovyev, Svytoslav"]
[Black "Reyes Penas, Sebastian"]
[Result "1/2-1/2"]
[WhiteElo "1740"]
[BlackElo "1675"]
[PlyCount "64"]
[EventDate "2015.08.22"]
[EventType "swiss"]
[EventRounds "9"]
[EventCountry "ESP"]
[Source "lmi"]
[SourceDate "2015.08.22"]

1. e4 c5 2. Nf3 e6 3. d4 cxd4 4. c3 Nf6 5. e5 Nd5 6. cxd4 d6 7. Nc3 Nxc3 8.
bxc3 Qc7 9. Bd2 Nd7 10. exd6 Bxd6 11. Bd3 b6 12. Be4 Bb7 13. Qe2 Rc8 14. O-O
O-O 15. h3 Nf6 16. Bxb7 Qxb7 17. a4 Qc7 18. Ng5 Bf4 19. Rfc1 h6 20. Nf3 Rfd8
21. Bxf4 Qxf4 22. a5 Rc7 23. axb6 axb6 24. Qb2 Rdc8 25. Qxb6 Rxc3 26. Rxc3 Rxc3
27. Rb1 Rc1+ 28. Rxc1 Qxc1+ 29. Kh2 Ne4 30. Qd8+ Kh7 31. Qh4 Nd2 32. Nxd2 Qxd2
1/2-1/2